Evolving a true democracy: report presented to the PNDC (Record no. 384)
[ view plain ]
| 000 -LEADER | |
|---|---|
| fixed length control field | 00551nam a2200181Ia 4500 |
| 008 - FIXED-LENGTH DATA ELEMENTS--GENERAL INFORMATION | |
| fixed length control field | 240428s9999||||xx |||||||||||||| ||und|| |
| 020 ## - INTERNATIONAL STANDARD BOOK NUMBER | |
| International Standard Book Number | - |
| 041 ## - LANGUAGE CODE | |
| Language code of text/sound track or separate title | eng |
| 082 ## - DEWEY DECIMAL CLASSIFICATION NUMBER | |
| Classification number | 321.8 |
| 100 ## - MAIN ENTRY--PERSONAL NAME | |
| Personal name | The National Commission for Democracy |
| 245 #0 - TITLE STATEMENT | |
| Title | Evolving a true democracy: report presented to the PNDC |
| 250 ## - EDITION STATEMENT | |
| Edition statement | - |
| 260 ## - PUBLICATION, DISTRIBUTION, ETC. | |
| Name of publisher, distributor, etc. | Ghana Pub.Coporation |
| Place of publication, distribution, etc. | Accra |
| Date of publication, distribution, etc. | 1991 |
| 300 ## - PHYSICAL DESCRIPTION | |
| Extent | xi, 97p.; |
| 650 ## - SUBJECT ADDED ENTRY--TOPICAL TERM | |
| Topical term or geographic name entry element | PNDC and Democracy -Ghana - Democratic Governance-Report(Ghana) - The National Commission for Democracy - Ghana |
| 942 ## - ADDED ENTRY ELEMENTS (KOHA) | |
| Koha item type | Reports |
| Withdrawn status | Lost status | Damaged status | Not for loan | Home library | Current library | Shelving location | Date acquired | Total checkouts | Full call number | Date last seen | Copy number | Price effective from | Koha item type |
|---|---|---|---|---|---|---|---|---|---|---|---|---|---|
| Main Library | Main Library | Reference | 18/10/2021 | 321.8 1131 C1 | 29/04/2024 | 1 | 29/04/2024 | Reports |